| 000 -LEADER |
| fixed length control field |
00612nam a22001937a 4500 |
| 008 - FIXED-LENGTH DATA ELEMENTS--GENERAL INFORMATION |
| fixed length control field |
151019b xxu||||| |||| 00| 0 eng d |
| 020 ## - INTERNATIONAL STANDARD BOOK NUMBER |
| International Standard Book Number |
0199635846 (hbk.) |
| 020 ## - INTERNATIONAL STANDARD BOOK NUMBER |
| International Standard Book Number |
0199635838 (pbk.) |
| 041 0# - LANGUAGE CODE |
| Language code of text/sound track or separate title |
eng |
| 080 ## - UNIVERSAL DECIMAL CLASSIFICATION NUMBER |
| Universal Decimal Classification number |
547.1 |
| 245 00 - TITLE STATEMENT |
| Title |
Antisense technology : |
| Statement of responsibility, etc |
edited by Conrad Lichtenstein and Wolfgang Nellen. |
| 260 ## - |
| -- |
Oxford ; |
| -- |
New York : |
| -- |
IRL Press at Oxford University Press, |
| -- |
c1997. |
| 300 ## - |
| -- |
xxii, 303 f. : |
| -- |
me il.; |
| -- |
24 cm. |
| 650 #0 - |
| -- |
Kimi |
| 650 #0 - |
| -- |
Acidet nukleare |
| 700 1# - |
| -- |
Lichtenstein, Conrad. |
| 700 1# - |
| -- |
Nellen, Wolfgang. |
| 942 ## - ADDED ENTRY ELEMENTS (KOHA) |
| Source of classification or shelving scheme |
|
| Item type |
Books |